000 08123cam a22009614i 4500
001 u9877
003 PE-LiUPU
005 20250731173554.0
008 150616s1996 ag r 000 0 spa d
020 _a9505735901
035 _a(Sirsi) i9789505735907
040 _aPE-LiUPU
_bspa
_cPE-LiUPU
_erda
041 1 _aSpa
_heng
049 _aPRUA
050 _aBX4147
_b.PUD
082 0 4 _a286.7325
_bPUD
_221
100 1 _aWhite, Elena G. de,
_eautor.
245 1 0 _aPromesas para los últimos días /
_cElena G. de White.
250 _a1ra. edición
264 1 _aBuenos Aires :
_bACES,
_c1996.
300 _a159 páginas ;
_c18 centímetros
336 _atext
_2rdacontent
337 _aunmediated
_2rdamedia
338 _avolume
_2rdacarrier
505 0 _aPromesas de Dios -- Promesas para los de edad avanzada -- Promesas para los descarriados -- Promesas para los enlutados -- Promesas para los agobiados -- Promesas para los niños -- Promesas para los cristianos -- Promesas para la iglesia -- Promesas para los colportores -- Promesas para los desanimados -- Promesas para los fieles -- Promesas para la familia -- Etc.
526 _aSEG42
526 _aSEG41
526 _aSEG40
526 _aSEG39
526 _aP94
526 _aP87
526 _aP86
526 _aP85
526 _aP77
526 _aP76
526 _aP35
534 _pTítulo original :
_tPromises for the Last Days
541 _g0800-00000010;
541 _g001-205181855552;
596 _a1 2 3 4
650 0 4 _aEspiritualildad.
910 _ajck
_bjvq
_cjck
942 _2ddc
_cBOOK
994 _aC0
_bPEPRU
949 _a286.7325 PUD 1996
_wDEWEY
_c1
_iCW62276
_lCIAE1
_mBWL
_r1
_sY
_tBOOK
_u2015-6-16
_xWHITE
_zUNKNOWN
_0COMPRA
_o.STAFF. Colección General
949 _a286.7325 PUD 1996
_wDEWEY
_c2
_iCW43409
_lCIAE1
_mBWL
_p7.00
_r1
_sY
_tBOOK
_u2016-7-7
_xWHITE
_zUNKNOWN
_0COMPRA
_o.STAFF. Centro White
949 _a286.7325 PUD
_wDEWEY
_c1
_i43410
_f2018-2-7
_g2
_lCCODEBUL1
_mBUL
_r0
_sY
_tBOOK
_u2015-6-16
_xTEOLOGIA
_zUNKNOWN
_0COMPRA
_o.STAFF. Colección General
949 _a286.7325 PUD
_wDEWEY
_c3
_i72135
_lLOST
_mBUL
_p6.50
_r1
_sY
_tBOOK
_u2015-11-24
_xBIBLIOTECA
_zUNKNOWN
_0COMPRA
_o.STAFF. Colección General
949 _a286.7325 PUD
_wDEWEY
_c4
_i72136
_d2017-12-18
_e2017-12-15
_f2018-2-7
_g2
_lCCODEBUL1
_mBUL
_n7
_p6.50
_r0
_sY
_tBOOK
_u2015-11-24
_xTEOLOGIA
_PP35
_0COMPRA
_o.STAFF. Colección Teología
949 _a286.7325 PUD
_wDEWEY
_c5
_i72137
_d2017-10-13
_e2017-10-5
_f2018-2-7
_g2
_lCCODEBUL1
_mBUL
_n1
_p7.00
_r0
_sY
_tBOOK
_u2015-11-24
_xTEOLOGIA
_PP35
_0COMPRA
_o.STAFF. Colección Teología
949 _a286.7325 PUD
_wDEWEY
_c6
_i72138
_d2016-6-12
_e2016-6-8
_f2018-2-7
_g2
_lCCODEBUL1
_mBUL
_n1
_p7.00
_r0
_sY
_tBOOK
_u2015-11-24
_xTEOLOGIA
_PP35
_0COMPRA
_o.STAFF. Colección Teología
949 _a286.7325 PUD
_wDEWEY
_c7
_i72139
_d2018-4-25
_e2016-11-20
_f2018-2-7
_g2
_lCCODEBUL1
_mBUL
_n4
_p6.50
_q1
_r0
_sY
_tBOOK
_u2015-11-24
_xTEOLOGIA
_PP35
_0COMPRA
_o.STAFF. Colección Teología
949 _a286.7325 PUD
_wDEWEY
_c8
_i72140
_d2018-4-5
_e2016-6-2
_f2018-2-7
_g2
_lCCODEBUL1
_mBUL
_n2
_p6.50
_q1
_r0
_sY
_tBOOK
_u2015-11-24
_xTEOLOGIA
_PP35
_0COMPRA
_o.STAFF. Colección Teología
949 _a286.7325 PUD
_wDEWEY
_c9
_i72141
_d2018-5-18
_e2016-5-19
_f2017-2-15
_g1
_lLOST
_mBUL
_n1
_p6.50
_q1
_r1
_sY
_tBOOK
_u2015-11-24
_xTEOLOGIA
_zUNKNOWN
_0COMPRA
_o.STAFF. Colección General
949 _aW248.14 PUD 1996
_wDEWEY
_c1
_iFJ07349
_f2017-12-28
_g1
_lCCODEBUJ1
_mBUJ
_p7.00
_r0
_sY
_tBOOK
_u2017-3-21
_xBIBLIOTECA
_zUNKNOWN
_0COMPRA
_o.STAFF. Colección General Juliaca
949 _aW248.14 PUD 1996
_wDEWEY
_c2
_iFJ07350
_f2017-12-28
_g1
_lCCODEBUJ1
_mBUJ
_p7.00
_r0
_sY
_tBOOK
_u2017-3-21
_xBIBLIOTECA
_zUNKNOWN
_0COMPRA
_o.STAFF. Colección General Juliaca
949 _aW248.14 PUD 1996
_wDEWEY
_c3
_iFJ07351
_f2017-12-28
_g1
_lCCODEBUJ1
_mBUJ
_p7.00
_r0
_sY
_tBOOK
_u2017-3-21
_xBIBLIOTECA
_zUNKNOWN
_0COMPRA
_o.STAFF. Colección General Juliaca
949 _aW248.14 PUD 1996
_wDEWEY
_c4
_iFJ07352
_f2017-12-28
_g1
_lCCODEBUJ1
_mBUJ
_p7.00
_r0
_sY
_tBOOK
_u2017-3-21
_xBIBLIOTECA
_zUNKNOWN
_0COMPRA
_o.STAFF. Colección General Juliaca
949 _aW248.14 PUD
_wDEWEY
_c5
_iFJ07353
_f2017-12-28
_g1
_lCCODEBUJ1
_mBUJ
_p7.00
_r0
_sY
_tBOOK
_u2017-3-21
_xBIBLIOTECA
_zUNKNOWN
_0COMPRA
_o.STAFF. Colección General Juliaca
949 _aW248.14 PUD
_wDEWEY
_c6
_iFJ07354
_d2017-5-11
_e2017-5-10
_f2017-12-28
_g1
_lCCODEBUJ1
_mBUJ
_n2
_p7.00
_r0
_sY
_tBOOK
_u2017-3-21
_xBIBLIOTECA
_zUNKNOWN
_0CANJE
_o.STAFF. Colección General Juliaca
949 _aW286.7325 PUD 1996
_wDEWEY
_c1
_iFT02257
_lCCODEBUT1
_mBUT
_p5.00
_r0
_sY
_tBOOK
_u2016-12-2
_xBIBLIOTECA
_zUNKNOWN
_0DONACION
_o.STAFF. Colección General
999 _a286.7325 PUD
_wDEWEY
_c61377
_i43410
_d61377
_e2018-11-15
_f2019-12-11
_g4
_lDISCARD
_mBUL
_n1
_r1
_sY
_tBOOK
_u2015-6-16
_xTEOLOGIA
_zUNKNOWN
_0COMPRA
_o.STAFF. Colección General
999 _a286.7325 PUD
_wDEWEY
_c3
_i72135
_lLOST
_mBUL
_p6.50
_r1
_sY
_tBOOK
_u2015-11-24
_xBIBLIOTECA
_zUNKNOWN
_0COMPRA
_o.STAFF. Colección General
999 _a286.7325 PUD
_wDEWEY
_c4
_i72136
_d2017-12-18
_e2017-12-15
_f2021-11-11
_g4
_lCCODEBUL1
_mBUL
_n7
_p6.50
_r0
_sY
_tBOOK
_u2015-11-24
_xTEOLOGIA
_PP35
_0COMPRA
_o.STAFF. Colección Teología
999 _a286.7325 PUD
_wDEWEY
_c5
_i72137
_d2019-4-10
_e2017-10-5
_f2021-11-11
_g4
_lCCODEBUL1
_mBUL
_n1
_p7.00
_q1
_r0
_sY
_tBOOK
_u2015-11-24
_xTEOLOGIA
_PP35
_0COMPRA
_o.STAFF. Colección Teología
999 _a286.7325 PUD
_wDEWEY
_c6
_i72138
_d2016-6-12
_e2016-6-8
_f2021-11-11
_g4
_lCCODEBUL1
_mBUL
_n1
_p7.00
_r0
_sY
_tBOOK
_u2015-11-24
_xTEOLOGIA
_PP35
_0COMPRA
_o.STAFF. Colección Teología
999 _a286.7325 PUD
_wDEWEY
_c7
_i72139
_d2019-10-3
_e2018-6-18
_f2021-11-11
_g5
_lCCODEBUL1
_mBUL
_n6
_p6.50
_q3
_r0
_sY
_tBOOK
_u2015-11-24
_xTEOLOGIA
_PP35
_0COMPRA
_o.STAFF. Colección Teología
999 _a286.7325 PUD
_wDEWEY
_c8
_i72140
_d2022-6-28
_e2016-6-2
_f2021-11-11
_g5
_lCCODEBUL1
_mBUL
_n2
_p6.50
_q2
_r0
_sY
_tBOOK
_u2015-11-24
_xTEOLOGIA
_PP35
_0COMPRA
_o.STAFF. Colección Teología
999 _a286.7325 PUD
_wDEWEY
_c9
_i72141
_d2022-7-6
_e2022-7-5
_f2021-11-11
_g4
_lCCODEBUL1
_mBUL
_n3
_p6.50
_q3
_r0
_sY
_tBOOK
_u2015-11-24
_xTEOLOGIA
_zUNKNOWN
_0COMPRA
_o.STAFF. Colección General
999 _aW286.7325 PUD 1996
_wDEWEY
_c1
_iFT02257
_f2019-2-20
_g2
_lCCODEBUT1
_mBUT
_p5.00
_r0
_sY
_tBOOK
_u2016-12-2
_xBIBLIOTECA
_zUNKNOWN
_0DONACION
_o.STAFF. Colección General
999 _aW248.14 PUD 1996
_wDEWEY
_c1
_iFJ07349
_d2019-4-3
_e2019-4-1
_f2022-2-2
_g4
_lCCODEBUJ1
_mBUJ
_n3
_p7.00
_q4
_r0
_sY
_tBOOK
_u2017-3-21
_xBIBLIOTECA
_zUNKNOWN
_0COMPRA
_o.STAFF. Colección General Juliaca
999 _aW248.14 PUD 1996
_wDEWEY
_c2
_iFJ07350
_d2019-4-2
_f2022-2-2
_g4
_lCCODEBUJ1
_mBUJ
_p7.00
_q1
_r0
_sY
_tBOOK
_u2017-3-21
_xBIBLIOTECA
_zUNKNOWN
_0COMPRA
_o.STAFF. Colección General Juliaca
999 _aW248.14 PUD 1996
_wDEWEY
_c3
_iFJ07351
_f2022-2-2
_g4
_lCCODEBUJ1
_mBUJ
_p7.00
_r0
_sY
_tBOOK
_u2017-3-21
_xBIBLIOTECA
_zUNKNOWN
_0COMPRA
_o.STAFF. Colección General Juliaca
999 _aW248.14 PUD 1996
_wDEWEY
_c4
_iFJ07352
_f2022-2-2
_g4
_lCCODEBUJ1
_mBUJ
_p7.00
_r0
_sY
_tBOOK
_u2017-3-21
_xBIBLIOTECA
_zUNKNOWN
_0COMPRA
_o.STAFF. Colección General Juliaca
999 _aW248.14 PUD 1996
_wDEWEY
_c5
_iFJ07353
_f2022-2-2
_g4
_lCCODEBUJ1
_mBUJ
_p7.00
_r0
_sY
_tBOOK
_u2017-3-21
_xBIBLIOTECA
_zUNKNOWN
_0COMPRA
_o.STAFF. Colección General Juliaca
999 _aW248.14 PUD 1996
_wDEWEY
_c6
_iFJ07354
_d2017-5-11
_e2017-5-10
_f2022-2-2
_g4
_lCCODEBUJ1
_mBUJ
_n2
_p7.00
_r0
_sY
_tBOOK
_u2017-3-21
_xBIBLIOTECA
_zUNKNOWN
_0CANJE
_o.STAFF. Colección General Juliaca
999 _a286.7325 PUD 1996
_wDEWEY
_c1
_iCW62276
_f2021-12-21
_g2
_lCCODECWL1
_mBWL
_r1
_sY
_tBOOK
_u2015-6-16
_xWHITE
_zUNKNOWN
_0COMPRA
_o.STAFF. Colección General
999 _a286.7325 PUD 1996
_wDEWEY
_c2
_iCW43409
_f2021-12-21
_g2
_lCCODECWL1
_mBWL
_p7.00
_r1
_sY
_tBOOK
_u2016-7-7
_xWHITE
_zUNKNOWN
_0COMPRA
_o.STAFF. Centro White
980 _81
_gALBERTO SANCHEZ Responsable de Automatización